Guidance and counselling (Record no. 9947)

MARC details
000 -LEADER
fixed length control field 00443cam a2200169ua 4500
008 - FIXED-LENGTH DATA ELEMENTS--GENERAL INFORMATION
fixed length control field 190805n ii |||gr||||Z||||||eng
040 ## - CATALOGING SOURCE
Transcribing agency MAIN
041 ## - LANGUAGE CODE
-- eng
082 ## - DEWEY DECIMAL CLASSIFICATION NUMBER
Classification number 371.4
100 ## - MAIN ENTRY--PERSONAL NAME
Personal name Sunita Agarwalla,
Relator term
245 ## - TITLE STATEMENT
Title Guidance and counselling
Statement of responsibility, etc. By Sunita Agarwalla
260 ## - PUBLICATION, DISTRIBUTION, ETC.
Place of publication, distribution, etc. Dibrugarh:
Name of publisher, distributor, etc. Mahaveer publications.
300 ## - PHYSICAL DESCRIPTION
Extent 126p.
942 ## - ADDED ENTRY ELEMENTS (KOHA)
Koha item type Books
653 ## - INDEX TERM--UNCONTROLLED
Uncontrolled term Schools & their activities special education
Holdings
Withdrawn status Lost status Damaged status Not for loan Home library Current library Shelving location Date acquired Total Checkouts Full call number Barcode Date last seen Copy number Price effective from Koha item type Date last checked out
        Central Library, Naharkatiya College Central Library, Naharkatiya College General Stacks 19/09/2020   371.4Guidance and counselling | AGA 27994 19/09/2020 1 19/09/2020 Books  
        Central Library, Naharkatiya College Central Library, Naharkatiya College General Stacks 19/09/2020 1 371.4Guidance and counselling | AGA 27995 20/11/2024 2 19/09/2020 Books 05/11/2024

Naharkatiya College © 2020. All rights reserved.

Powered By